000 00554nam a2200217Ia 4500
005 20250508165045.0
008 008 250505s9999 xx 000 0 hin d
020 _a81-7201-401-5
037 _aTextual
040 _aFEDL
_beng
_cFEDL
041 _ahin
_2hin
084 _a891.43, SHR
_qFEDL
100 _aSrivastava Parmanand
245 0 _aJayasi
260 _aNew Delhi, India
_bSahitya Akademi
_c1993
300 _a65p.
365 _aINR
_b15
546 _aMACESE
942 _cTEXL
_h891.43, SHR
999 _c1392887
_d1392887